[Event "Frankfurt-West Masters"]
[Site "Frankfurt GER"]
[Date "1999.07.02"]
[Round "13"]
[White "Polgar, Judit"]
[Black "Topalov, Veselin"]
[Result "0-1"]
[WhiteElo "2677"]
[BlackElo "2700"]
[EventDate "1999.??.??"]

1.e4 c5 2.Cf3 d6 3.d4 cxd4 4.Cxd4 Cf6 5.Cc3 a6 6.Tg1 b5 7.g4 Fb7 8.Fg2 
Cfd7 9.a4 bxa4 10.Txa4 Cb6 11.Tb4 e6 12.Fe3 C8d7 13.Cxe6 fxe6 14.Fxb6 Cxb6
15.Dd4 Cd7 16.Txb7 Cc5 17.Tb4 Dg5 18.Dd2 Dxg4 19.Ca4 Dh5 20.Cxc5 dxc5 21.
Tb6 Td8 22.De2 Dxh2 23.Rf1 Dh6 24.Ff3 Fe7 25.Fh5+ g6 26.Fg4 O-O 27.Fxe6+ 
Rh8 28.Fd5 Dh3+ 29.Re1 Txf2 30.Dxf2 Fh4 31.Tf6 Tb8 32.b3 Fxf2+ 33.Txf2 Dh6
34.Re2 Tf8 35.Txf8+ Dxf8 36.Tf1 Dd6 37.Tf7 h5 38.Ta7 g5 39.Fc4 Dh2+ 40.Rd3
Dg3+ 41.Re2 h4 42.Ta8+ Rg7 43.Ta7+ Rf6 44.Txa6+ Re5 45.Te6+ Rd4 46.c3+ 
Dxc3 47.Td6+ Rxe4 48.Te6+ Rf4 49.Fd3 Db2+ 50.Re1 g4 0-1

[Event "Frankfurt-West Masters"]
[Site "Frankfurt GER"]
[Date "1999.07.02"]
[Round "14"]
[White "Topalov, Veselin"]
[Black "Leko, Peter"]
[Result "0-1"]
[WhiteElo "2700"]
[BlackElo "2694"]
[EventDate "1999.??.??"]

1.e4 e5 2.Cf3 Cc6 3.Fb5 Cf6 4.O-O Fc5 5.c3 O-O 6.d4 Fb6 7.Fg5 h6 8.Fh4 d6 
9.Dd3 Fd7 10.Cbd2 a6 11.Fc4 exd4 12.cxd4 g5 13.Cxg5 hxg5 14.Fxg5 Rg7 15.
Cb3 Ce7 16.Tae1 Ch7 17.Fh4 f6 18.Te3 Cg6 19.Fg3 f5 20.exf5 Fxf5 21.Dd2 Cf6
22.Tfe1 Ch5 23.Fd5 Tb8 24.Fe4 Dd7 25.Fxf5 Dxf5 26.f3 Cxg3 27.hxg3 Tf7 28.
Dc3 Th8 29.Cc5 Fxc5 30.dxc5+ Df6 31.Db4 Ce5 32.cxd6 cxd6 33.Te4 Th6 34.Td1
Rg8 35.Db3 Tg6 36.g4 Th6 37.De3 Dh4 38.Te1 Cxf3+ 0-1

[Event "16. Ciudad de Linares"]
[Site "Linares ESP"]
[Date "1999.02.22"]
[Round "2"]
[White "Topalov, Veselin"]
[Black "Adams, Michael"]
[Result "1/2-1/2"]
[WhiteElo "2700"]
[BlackElo "2716"]
[EventDate "1999.??.??"]

1.e4 e5 2.Cf3 Cc6 3.Fb5 a6 4.Fa4 Cf6 5.O-O Fe7 6.Te1 b5 7.Fb3 O-O 8.h3 Fb7
9.d3 h6 10.Cbd2 Te8 11.c3 Ff8 12.a3 d6 13.Fa2 Cb8 14.Ch4 d5 15.Df3 c6 16.
b4 Cbd7 17.Cb3 Tc8 18.Cf5 Fa8 19.Fe3 Rh7 20.Cc5 Cxc5 21.Fxc5 g6 22.Cg3 
Fxc5 23.bxc5 Rg7 24.d4 Dc7 25.Te3 exd4 26.cxd4 Cxe4 27.Cxe4 Txe4 28.Txe4 
dxe4 29.Dxe4 Fb7 30.Te1 Td8 31.Df3 Fc8 32.Dc3 f6 33.Te3 h5 34.Fb1 Df7 35.
h4 Te8 36.Fe4 Fd7 37.Dd3 f5 38.Ff3 Df6 39.Txe8 Fxe8 40.g3 f4 41.Rg2 
1/2-1/2

[Event "16. Ciudad de Linares"]
[Site "Linares ESP"]
[Date "1999.02.23"]
[Round "3"]
[White "Leko, Peter"]
[Black "Topalov, Veselin"]
[Result "1/2-1/2"]
[WhiteElo "2694"]
[BlackElo "2700"]
[EventDate "1999.??.??"]

1.e4 c5 2.Cf3 d6 3.d4 cxd4 4.Cxd4 Cf6 5.Cc3 a6 6.Fe3 e6 7.f3 b5 8.g4 h6 9.
Dd2 Cbd7 10.O-O-O Fb7 11.h4 b4 12.Cb1 d5 13.Fh3 g5 14.hxg5 hxg5 15.exd5 
Cxd5 16.Fxg5 Da5 17.Fg2 Txh1 18.Txh1 Dxa2 19.Th8 Tc8 20.Cf5 Cc5 21.Txf8+ 
Rxf8 22.Fh6+ Re8 23.Cd6+ Rd7 24.Cxc8 Rxc8 25.Dd4 Da5 26.Ff8 Cd7 27.Fd6 Fc6
28.Ff1 Rb7 29.Cd2 Da1+ 30.Cb1 Da5 31.Fd3 Dd8 32.Cd2 e5 33.Dc4 Db6 34.Rb1 
a5 35.Ce4 Cf4 36.Cc5+ Cxc5 37.Fxc5 Fd5 38.Fxb6 Fxc4 39.Fxc4 Rxb6 40.Fxf7 
Ch3 41.c3 Cg5 42.Fd5 bxc3 43.bxc3 Rc5 44.Fb7 Rd6 45.Rb2 Ce6 46.Ra3 Cc5 47.
Fe4 Re7 48.g5 Ce6 49.g6 Cc5 50.Fd5 Rf6 51.Ff7 Rg7 52.Rb2 Rf6 53.Rc2 Rg7 
1/2-1/2

[Event "16. Ciudad de Linares"]
[Site "Linares ESP"]
[Date "1999.02.26"]
[Round "5"]
[White "Topalov, Veselin"]
[Black "Svidler, Peter"]
[Result "1/2-1/2"]
[WhiteElo "2700"]
[BlackElo "2713"]
[EventDate "1999.??.??"]

1.e4 e5 2.Cf3 Cc6 3.Fb5 a6 4.Fa4 Cf6 5.O-O Fe7 6.Te1 b5 7.Fb3 O-O 8.h3 Fb7
9.d3 d6 10.a3 Dd7 11.Cbd2 Tae8 12.c3 d5 13.Fa2 dxe4 14.dxe4 Ch5 15.Cb3 
Dxd1 16.Txd1 Cf6 17.Te1 Cb8 18.Cxe5 Fd6 19.Cd3 Fxe4 20.Cbc5 Fd5 21.Txe8 
Txe8 22.Fxd5 Cxd5 23.Rf1 f6 24.a4 Rf7 25.Fd2 g5 26.a5 Ce7 27.Tc1 Cec6 28.
c4 b4 29.Ta1 Fxc5 30.Cxc5 Te5 31.Cb3 Cd7 32.Fe3 Re7 33.g3 Te4 34.Cd2 Te5 
35.Cb3 Te4 1/2-1/2

[Event "16. Ciudad de Linares"]
[Site "Linares ESP"]
[Date "1999.03.03"]
[Round "9"]
[White "Adams, Michael"]
[Black "Topalov, Veselin"]
[Result "1/2-1/2"]
[WhiteElo "2716"]
[BlackElo "2700"]
[EventDate "1999.??.??"]

1.e4 c5 2.Cf3 d6 3.d4 cxd4 4.Cxd4 Cf6 5.Cc3 a6 6.Fe3 Cg4 7.Fg5 h6 8.Fh4 g5
9.Fg3 Fg7 10.Fe2 h5 11.Fxg4 Fxg4 12.f3 Fd7 13.Ff2 Cc6 14.Dd2 Da5 15.O-O-O 
Tc8 16.Rb1 Fe6 17.Cxc6 bxc6 18.Fd4 f6 19.b3 g4 20.The1 c5 21.Ff2 Fh6 22.
Fe3 Fg7 23.Ff2 Fh6 24.Fe3 1/2-1/2

[Event "16. Ciudad de Linares"]
[Site "Linares ESP"]
[Date "1999.03.05"]
[Round "10"]
[White "Topalov, Veselin"]
[Black "Leko, Peter"]
[Result "1/2-1/2"]
[WhiteElo "2700"]
[BlackElo "2694"]
[EventDate "1999.??.??"]

1.e4 e5 2.Cf3 Cc6 3.Fb5 Cf6 4.O-O Fc5 5.c3 O-O 6.d4 Fb6 7.Fg5 h6 8.Fh4 d6 
9.Fxc6 bxc6 10.dxe5 dxe5 11.Da4 Dd6 12.Td1 De6 13.Cbd2 Cd7 14.b4 a5 15.Db3
Te8 16.Dxe6 Txe6 17.Cc4 f6 18.a3 Fa6 19.Cfd2 axb4 20.axb4 Tee8 21.Cxb6 
Cxb6 22.f3 1/2-1/2

[Event "16. Ciudad de Linares"]
[Site "Linares ESP"]
[Date "1999.03.07"]
[Round "12"]
[White "Svidler, Peter"]
[Black "Topalov, Veselin"]
[Result "0-1"]
[WhiteElo "2713"]
[BlackElo "2700"]
[EventDate "1999.??.??"]

1.e4 c5 2.Cc3 g6 3.Cf3 Fg7 4.d4 cxd4 5.Cxd4 Cc6 6.Fe3 Cf6 7.Fc4 O-O 8.Fb3 
a5 9.O-O a4 10.Cxa4 Cxe4 11.Cb5 Ta6 12.De2 d6 13.c4 Cf6 14.Tfd1 Fd7 15.
Cac3 Db8 16.h3 Tc8 17.a3 Ce5 18.Tac1 Fxb5 19.cxb5 Ta8 20.b6 Tc6 21.Cb5 Dd8
22.Cc7 Tb8 23.Db5 Txc1 24.Txc1 e6 25.a4 d5 26.a5 Ce4 27.Td1 Cd6 28.Dc5 Cf5
29.Fc1 Ff8 30.Dc2 Cc6 31.Fd2 Fd6 32.Fa4 Cb4 33.Db3 Cd4 34.De3 Cf5 35.Db3 
Dh4 36.Tc1 Cd4 0-1

[Event "Hoogovens"]
[Site "Wijk aan Zee NED"]
[Date "1999.01.19"]
[Round "3"]
[White "Topalov, Veselin"]
[Black "Kramnik, Vladimir"]
[Result "1/2-1/2"]
[WhiteElo "2700"]
[BlackElo "2751"]

1.e4 e5 2.Cf3 Cc6 3.Fb5 Cf6 4.O-O Cxe4 5.d4 Cd6 6.Fxc6 dxc6 7.dxe5 Cf5 8.
Dxd8+ Rxd8 9.Cc3 Re8 10.h3 Ce7 11.Te1 Cd5 12.Ce4 Cb4 13.Te2 Ff5 14.Cd4 
Fxe4 15.Txe4 c5 16.a3 cxd4 17.axb4 Fxb4 18.Txd4 Fe7 19.Fe3 a6 20.Tad1 h5 
21.c3 Td8 22.Txd8+ Fxd8 23.f4 f5 24.exf6 Fxf6 25.Rf2 g6 26.Rf3 Re7 27.Fd4 
Fxd4 28.Txd4 a5 29.Td5 b6 30.Re4 a4 31.Te5+ Rf6 32.f5 gxf5+ 33.Txf5+ Rg6 
34.Td5 Tf8 35.Re3 1/2-1/2

[Event "FIDE World Championship"]
[Site "San Luis ARG"]
[Date "2005.09.28"]
[Round "1"]
[White "Leko, Peter"]
[Black "Topalov, Veselin"]
[Result "0-1"]
[WhiteElo "2763"]
[BlackElo "2788"]
[EventDate "2005.09.28"]

1.e4 c5 2.Cf3 d6 3.d4 cxd4 4.Cxd4 Cf6 5.Cc3 a6 6.f3 e6 7.Fe3 b5 8.Dd2 b4 
9.Ca4 Cbd7 10.O-O-O d5 11.exd5 Cxd5 12.Fc4 C7f6 13.Fg5 Dc7 14.Fxd5 Cxd5 
15.The1 Fb7 16.De2 Dd6 17.Rb1 h6 18.Fh4 Cf4 19.Df2 Dc7 20.Cf5 g5 21.Fg3 
Tc8 22.Dd4 Tg8 23.c3 Td8 24.Dxd8+ Dxd8 25.Txd8+ Rxd8 26.Ce3 Fc6 27.Cb6 
bxc3 28.bxc3 Fg7 29.Fxf4 gxf4 30.Cd1 Fb5 31.a4 Fd3+ 32.Rc1 Rc7 33.a5 Fh8 
34.Rd2 Fb5 35.Tg1 Fc6 36.Re2 Fe5 37.c4 Fd4 38.Cf2 Fc3 39.Ce4 Fxa5 40.c5 f5
0-1

[Event "FIDE World Championship"]
[Site "San Luis ARG"]
[Date "2005.09.30"]
[Round "3"]
[White "Morozevich, Alexander"]
[Black "Topalov, Veselin"]
[Result "0-1"]
[WhiteElo "2707"]
[BlackElo "2788"]
[EventDate "2005.09.28"]

1.e4 c5 2.Cf3 d6 3.Fb5+ Fd7 4.Fxd7+ Dxd7 5.O-O Cf6 6.e5 dxe5 7.Cxe5 Dc8 8.
Df3 e6 9.d3 Fe7 10.Cc3 O-O 11.Ff4 Cfd7 12.Cc4 Cc6 13.Tae1 Cd4 14.Dd1 Dc6 
15.a4 b6 16.Te3 f6 17.Th3 Tf7 18.Fe3 Td8 19.Te1 Cf8 20.b3 a6 21.Ce2 b5 22.
axb5 axb5 23.Cd2 Dc7 24.c4 Cc6 25.cxb5 Cb4 26.Db1 Cxd3 27.Td1 Cb4 28.Cc4 
Cd5 29.Fd2 Db8 30.Fa5 Td7 31.b6 Fd8 32.Thd3 Cxb6 33.Fxb6 Txd3 34.Dxd3 Fxb6
35.De3 Fc7 36.g3 Db5 37.h4 Dc6 38.f4 Td7 39.Te1 Fd8 40.Cc3 Fe7 41.Ce4 Td4 
42.Cf2 Dd5 43.Cb6 Db7 44.Cc4 f5 45.Rf1 Ff6 46.Re2 Td7 47.Df3 Db4 48.Td1 
Fd4 49.g4 h6 50.h5 Db8 51.Td2 Tf7 52.g5 hxg5 53.fxg5 Dh2 54.Rd3 Dh4 55.g6 
Ta7 56.Cd1 Dg5 57.Cc3 Dg1 58.Td1 Dh2 59.Cb5 Td7 60.Cxd4 Da2 61.Cd2 Db2 62.
Re2 Dxd4 63.De3 Dd6 64.Df3 Dh2+ 65.Re1 Td4 66.Db7 Td7 67.Df3 Td5 68.Cf1 
Te5+ 69.Ce3 f4 70.Td3 Dg1+ 71.Rd2 fxe3+ 72.Txe3 Dxe3+ 73.Dxe3 Txe3 74.Rxe3
Cd7 0-1

[Event "FIDE World Championship"]
[Site "San Luis ARG"]
[Date "2005.10.01"]
[Round "4"]
[White "Topalov, Veselin"]
[Black "Adams, Michael"]
[Result "1-0"]
[WhiteElo "2788"]
[BlackElo "2719"]
[EventDate "2005.09.28"]

1.Cf3 Cf6 2.c4 e6 3.Cc3 c5 4.g3 b6 5.Fg2 Fb7 6.O-O Fe7 7.Te1 Ce4 8.d4 Cxc3
9.bxc3 Fe4 10.Ff1 d6 11.h4 Cd7 12.d5 O-O 13.a4 h6 14.Fh3 exd5 15.cxd5 Ff6 
16.Ta3 b5 17.axb5 Cb6 18.c4 Fxf3 19.Txf3 Cxc4 20.Da4 Ce5 21.Ta3 Te8 22.h5 
Te7 23.Ff4 Tb8 24.Ff5 De8 25.Fc2 Dd7 26.De4 Cg6 27.Dd3 c4 28.Dxc4 Cxf4 29.
Dxf4 Te5 30.Df3 Dh3 31.Txa7 Txh5 32.e3 Dh2+ 33.Rf1 Dh3+ 34.Re2 Te5 35.Tc7 
Tc8 36.Ff5 Txf5 37.Txc8+ Rh7 38.Th1 1-0

[Event "FIDE World Championship"]
[Site "San Luis ARG"]
[Date "2005.10.03"]
[Round "5"]
[White "Svidler, Peter"]
[Black "Topalov, Veselin"]
[Result "0-1"]
[WhiteElo "2738"]
[BlackElo "2788"]
[EventDate "2005.09.28"]

1.e4 c5 2.Cf3 d6 3.d4 cxd4 4.Cxd4 Cf6 5.Cc3 a6 6.Fe3 Cg4 7.Fg5 h6 8.Fh4 g5
9.Fg3 Fg7 10.h3 Ce5 11.Cf5 Fxf5 12.exf5 Cbc6 13.Cd5 e6 14.Ce3 Da5+ 15.c3 
Cf3+ 16.Dxf3 Fxc3+ 17.Rd1 Da4+ 18.Cc2 Fxb2 19.fxe6 fxe6 20.Db3 Dxb3 21.
axb3 Fxa1 22.Cxa1 Re7 23.Fd3 Tac8 24.Te1 Cd4 25.f3 Tc3 26.Rd2 Thc8 27.Tb1 
T3c5 28.b4 Td5 29.Ff2 Rd7 30.Fe3 Cf5 31.Ff2 Ch4 32.Fxh4 gxh4 33.Cc2 h5 34.
Te1 Tg8 35.Rc3 a5 36.Fc4 Tc8 37.Ce3 Tb5 38.Rd3 Txb4 39.Fxe6+ Rxe6 40.Cc2+ 
Rd5 41.Cxb4+ axb4 42.Te7 b5 43.Th7 Tc3+ 44.Rd2 Tc4 0-1

[Event "FIDE World Championship"]
[Site "San Luis ARG"]
[Date "2005.10.04"]
[Round "6"]
[White "Polgar, Judit"]
[Black "Topalov, Veselin"]
[Result "0-1"]
[WhiteElo "2735"]
[BlackElo "2788"]
[EventDate "2005.09.28"]

1.e4 e5 2.Cf3 Cc6 3.Fb5 Cf6 4.O-O Cxe4 5.d4 Cd6 6.Fxc6 dxc6 7.dxe5 Cf5 8.
Dxd8+ Rxd8 9.Cc3 Ce7 10.h3 Cg6 11.Ce4 h6 12.b3 c5 13.Fe3 b6 14.Tad1+ Fd7 
15.Cc3 Rc8 16.Cd5 Fe6 17.c4 Rb7 18.Fc1 a5 19.a4 Td8 20.g4 h5 21.Ce3 Te8 
22.Tfe1 Cf4 23.Cg5 Fe7 24.Cxe6 fxe6 25.gxh5 Cxh3+ 26.Rf1 Txh5 27.Cg4 Fg5 
28.Fxg5 Txg5 29.f3 Tf8 30.Rg2 Cf4+ 31.Rg3 Th5 32.Rf2 Cg6 33.Td7 Th3 34.Te3
Ch4 35.Tdd3 Rc6 36.Tc3 Th1 37.Ted3 Cf5 38.Ce3 Cd4 39.Cf1 Th5 40.Te3 Tf4 
41.Tcd3 g5 42.Te4 Rb7 43.Rg3 Txe4 44.fxe4 Th4 45.Cd2 Rc8 46.Te3 Rd7 47.Te1
Re7 48.Cf3 Cxf3 49.Rxf3 Rf7 50.Td1 Tf4+ 51.Re3 Rg7 52.Td7+ Tf7 53.Td1 Rg6 
54.Td8 g4 55.Tg8+ Rh5 56.Th8+ Rg5 57.Tg8+ Rh4 58.Tg6 Tf3+ 59.Re2 Rg3 60.
Txe6 Rf4 61.Te8 Te3+ 62.Rf2 g3+ 63.Rg2 Rxe4 64.e6 Rd3 0-1

[Event "FIDE World Championship"]
[Site "San Luis ARG"]
[Date "2005.10.05"]
[Round "7"]
[White "Topalov, Veselin"]
[Black "Kasimdzhanov, Rustam"]
[Result "1-0"]
[WhiteElo "2788"]
[BlackElo "2670"]
[EventDate "2005.09.28"]

1.e4 e5 2.Cf3 Cc6 3.Fb5 a6 4.Fa4 Cf6 5.O-O Fe7 6.Te1 b5 7.Fb3 O-O 8.h3 Fb7
9.d3 d6 10.a3 Ca5 11.Fa2 c5 12.Cbd2 Cc6 13.Cf1 Fc8 14.c3 Fe6 15.Fxe6 fxe6 
16.b4 Dd7 17.Db3 Tfb8 18.C1h2 a5 19.Fd2 h6 20.Cg4 Cxg4 21.hxg4 axb4 22.
axb4 cxb4 23.cxb4 Ff6 24.Tec1 Rf7 25.g3 Db7 26.Rg2 Txa1 27.Txa1 Ta8 28.Th1
Cd4 29.Cxd4 exd4 30.Ff4 d5 31.e5 Fe7 32.Dd1 Fg5 33.Fxg5 hxg5 34.Th5 De7 
35.Dh1 Tf8 36.Th7 Re8 37.Da1 Rf7 38.Dc1 Re8 39.Da1 Rf7 40.Dxd4 Rg8 41.Th1 
Df7 42.De3 d4 43.De2 Db7+ 44.De4 Dxe4+ 45.dxe4 Tc8 46.Tb1 Tc3 47.Tb2 Rf7 
48.Rf1 Tc1+ 49.Re2 Tc3 50.Ta2 Tb3 51.Ta7+ Rf8 52.Tb7 Txb4 53.Rd3 Tb2 54.f4
Tb3+ 55.Rxd4 Txg3 56.f5 Txg4 57.f6 Tg1 58.Txg7 b4 59.Rc5 b3 60.Tb7 Ta1 61.
Txb3 Ta5+ 62.Rd4 Ta4+ 63.Re3 Ta5 64.Tb8+ Rf7 65.Tb7+ Rf8 66.Rd4 Ta4+ 67.
Rc5 Ta5+ 68.Rd4 Ta4+ 69.Re3 Ta3+ 70.Rf2 Ta5 71.Rg3 Txe5 72.Rg4 Txe4+ 73.
Rh5 1-0

[Event "FIDE World Championship"]
[Site "San Luis ARG"]
[Date "2005.10.06"]
[Round "8"]
[White "Topalov, Veselin"]
[Black "Leko, Peter"]
[Result "1/2-1/2"]
[WhiteElo "2788"]
[BlackElo "2763"]
[EventDate "2005.09.28"]

1.d4 Cf6 2.c4 e6 3.Cf3 b6 4.g3 Fa6 5.b3 Fb4+ 6.Fd2 Fe7 7.Fg2 c6 8.Fc3 d5 
9.Ce5 O-O 10.O-O Fb7 11.Cd2 Ca6 12.e4 Tc8 13.Te1 Tc7 14.Cd3 dxe4 15.Cxe4 
c5 16.Cxf6+ Fxf6 17.Fxb7 Txb7 18.Ce5 Fxe5 19.dxe5 Td7 20.De2 Dc7 21.Tad1 
Tfd8 22.Txd7 Dxd7 23.De4 Cb8 24.Rg2 1/2-1/2

[Event "FIDE World Championship"]
[Site "San Luis ARG"]
[Date "2005.10.09"]
[Round "10"]
[White "Topalov, Veselin"]
[Black "Morozevich, Alexander"]
[Result "1/2-1/2"]
[WhiteElo "2788"]
[BlackElo "2707"]
[EventDate "2005.09.28"]

1.d4 Cf6 2.c4 e6 3.Cf3 d5 4.Cc3 Fe7 5.Ff4 O-O 6.e3 c5 7.dxc5 Fxc5 8.a3 Cc6
9.cxd5 Cxd5 10.Cxd5 exd5 11.Fd3 Fb6 12.O-O d4 13.e4 Fc7 14.Fxc7 Dxc7 15.h3
Db6 16.b4 Fe6 17.Tc1 h6 18.Dd2 Tfd8 19.Df4 Ce7 20.Tc5 Cg6 21.Dg3 a5 22.Tb5
Dc6 23.e5 b6 24.bxa5 bxa5 25.Tfb1 Cf8 26.Cd2 Fd5 27.f4 Dc3 28.T1b2 Dc1+ 
29.Rh2 Tac8 30.f5 Tc3 31.Cb1 Tc5 32.Txc5 Dxc5 33.Tc2 Db6 34.Cd2 Te8 35.e6 
Ch7 36.Tc7 Tf8 37.Cc4 Fxc4 38.Fxc4 Cf6 39.De5 d3 40.exf7+ Rh7 41.Fxd3 Db3 
42.Dd6 Db8 43.Fc4 Ce4 44.De5 Cd2 45.Fa2 Db6 46.Tc2 Df2 47.Txd2 Dxd2 48.Fd5
Dg5 49.Dd6 Dd8 50.Dxd8 Txd8 51.Fc6 g6 52.Fe8 Rg7 53.fxg6 h5 54.a4 h4 55.
Rg1 Td2 56.g3 hxg3 57.h4 Th2 58.h5 Rf8 59.Rf1 Rg7 60.Rg1 Rf8 61.Rf1 
1/2-1/2

[Event "FIDE World Championship"]
[Site "San Luis ARG"]
[Date "2005.10.10"]
[Round "11"]
[White "Adams, Michael"]
[Black "Topalov, Veselin"]
[Result "1/2-1/2"]
[WhiteElo "2719"]
[BlackElo "2788"]
[EventDate "2005.09.28"]

1.e4 c5 2.Cf3 d6 3.d4 cxd4 4.Cxd4 Cf6 5.Cc3 a6 6.Fe2 e6 7.O-O Fe7 8.a4 Cc6
9.Fe3 O-O 10.f4 Dc7 11.Rh1 Te8 12.Ff3 Ff8 13.Cb3 b6 14.e5 dxe5 15.fxe5 Cd7
16.Fxc6 Dxc6 17.Cd4 Db7 18.Dh5 g6 19.Dh4 Cxe5 20.Ce4 Fe7 21.Cg5 Fxg5 22.
Fxg5 f5 23.Tae1 Dd5 24.Ce2 Cf7 25.Cf4 Dc6 26.Ch5 Cxg5 27.Cf6+ Rf7 28.Cxe8 
Fb7 29.Cd6+ Dxd6 30.Dxg5 Tc8 31.Tf2 Tc4 32.Dh6 Rg8 33.Td2 Fd5 34.b3 Tc3 
35.Dh4 Dc5 36.Txe6 Fxe6 37.Df6 Fd5 38.Dd8+ Rg7 39.Txd5 Df2 40.Td7+ Rh6 41.
Df8+ Rg5 42.De7+ Rf4 43.Dd6+ Rg5 44.De7+ Rf4 45.Dd6+ 1/2-1/2

[Event "FIDE World Championship"]
[Site "San Luis ARG"]
[Date "2005.10.11"]
[Round "12"]
[White "Topalov, Veselin"]
[Black "Svidler, Peter"]
[Result "1/2-1/2"]
[WhiteElo "2788"]
[BlackElo "2738"]
[EventDate "2005.09.28"]

1.e4 e5 2.Cf3 Cc6 3.Fb5 a6 4.Fa4 Cf6 5.O-O Fe7 6.Te1 b5 7.Fb3 O-O 8.h3 Fb7
9.d3 d6 10.a3 Dd7 11.Cc3 Cd8 12.d4 exd4 13.Cxd4 Te8 14.Cf5 Ce6 15.Cxe7+ 
Txe7 16.f3 Td8 17.Fxe6 fxe6 18.e5 dxe5 19.Dxd7 Tdxd7 20.Txe5 Td6 21.Ff4 
1/2-1/2

[Event "FIDE World Championship"]
[Site "San Luis ARG"]
[Date "2005.10.13"]
[Round "13"]
[White "Kasimdzhanov, Rustam"]
[Black "Topalov, Veselin"]
[Result "1/2-1/2"]
[WhiteElo "2670"]
[BlackElo "2788"]
[EventDate "2005.09.28"]

1.e4 e5 2.Cf3 Cc6 3.Fb5 Cf6 4.O-O Cxe4 5.d4 Cd6 6.Fxc6 dxc6 7.dxe5 Cf5 8.
Dxd8+ Rxd8 9.Cc3 Ce7 10.h3 Cg6 11.Fe3 Fe7 12.Tad1+ Re8 13.a3 h5 14.Tfe1 h4
15.Cd4 a6 16.f4 Th5 17.Ce4 Fd7 18.c4 a5 19.c5 a4 20.Tc1 f5 21.exf6 Fxf6 
22.f5 Ce7 23.Cxf6+ gxf6 24.Ff4 Rf7 25.Fxc7 Cxf5 26.Tc4 Cxd4 27.Txd4 Fe6 
28.Fd6 Ta5 29.Tde4 Fd5 30.Te7+ Rg6 31.Txb7 Tb5 32.Tb6 Tg5 33.Te2 Tb3 34.
Rh2 Te3 35.Td2 Teg3 36.Fxg3 hxg3+ 37.Rh1 Tf5 38.Td1 Tf2 39.Tb8 f5 40.Td8 
Fxg2+ 41.Rg1 Fd5 42.T8xd5 cxd5 43.Tc1 Txb2 44.c6 Tb8 45.Rg2 f4 46.Rf3 Rg5 
47.h4+ 1/2-1/2

[Event "FIDE World Championship"]
[Site "San Luis ARG"]
[Date "2005.10.14"]
[Round "14"]
[White "Topalov, Veselin"]
[Black "Polgar, Judit"]
[Result "1/2-1/2"]
[WhiteElo "2788"]
[BlackElo "2735"]
[EventDate "2005.09.28"]

1.d4 Cf6 2.c4 e6 3.Cf3 b6 4.g3 Fa6 5.b3 Fb4+ 6.Fd2 Fe7 7.Fg2 c6 8.Fc3 d5 
9.Cbd2 Cbd7 10.O-O O-O 11.Te1 Fb7 12.e4 dxe4 13.Ce5 c5 14.Cxe4 Cxe4 15.
Fxe4 Fxe4 16.Txe4 Cxe5 17.dxe5 Dxd1+ 18.Txd1 Tfd8 1/2-1/2

[Event "Corus A"]
[Site "Wijk aan Zee NED"]
[Date "2006.01.14"]
[Round "1"]
[White "Topalov, Veselin"]
[Black "Kamsky, Gata"]
[Result "1-0"]
[WhiteElo "2801"]
[BlackElo "2686"]
[EventDate "2006.01.14"]

1.e4 d5 2.exd5 Cf6 3.Cf3 Cxd5 4.d4 Ff5 5.Fd3 Fxd3 6.Dxd3 e6 7.O-O Cc6 8.c4
Cb6 9.Cc3 Fe7 10.Ff4 g5 11.Fg3 g4 12.Ce5 Cxd4 13.c5 Fxc5 14.Tad1 O-O 15.
Ce4 Fe7 16.Cxg4 c5 17.b4 Cd5 18.bxc5 Cf5 19.Df3 Tc8 20.Fd6 Cxd6 21.cxd6 
Fh4 22.d7 Tc6 23.Ce5 Tc7 24.Dg4+ Rh8 25.Cd6 1-0

[Event "Corus A"]
[Site "Wijk aan Zee NED"]
[Date "2006.01.15"]
[Round "2"]
[White "Adams, Michael"]
[Black "Topalov, Veselin"]
[Result "1-0"]
[WhiteElo "2707"]
[BlackElo "2801"]
[EventDate "2006.01.14"]

1.e4 c5 2.Cf3 d6 3.d4 cxd4 4.Cxd4 Cf6 5.Cc3 a6 6.Fe2 e6 7.O-O Fe7 8.a4 Cc6
9.Fe3 O-O 10.f4 Dc7 11.Rh1 Te8 12.Ff3 Ff8 13.Dd2 Ca5 14.b3 Tb8 15.Tad1 Cc6
16.Ff2 Cd7 17.Fg3 Cxd4 18.Dxd4 b5 19.axb5 axb5 20.b4 g6 21.e5 d5 22.f5 
gxf5 23.Cxd5 Dc4 24.Dd2 h6 25.h3 exd5 26.Fxd5 Dxb4 27.c3 Dc5 28.Txf5 Te6 
29.Txf7 Cb6 30.Tdf1 Cxd5 31.Txf8+ Dxf8 32.Txf8+ Rxf8 33.Dxd5 Re8 34.Fh4 
Fd7 35.Ff6 b4 36.De4 Fc8 37.cxb4 Tb7 38.Dg6+ Rd7 39.Dxh6 Rc7 40.Df4 Rb8 
41.h4 Tc7 42.h5 1-0

[Event "Corus A"]
[Site "Wijk aan Zee NED"]
[Date "2006.01.17"]
[Round "4"]
[White "Van Wely, Loek"]
[Black "Topalov, Veselin"]
[Result "0-1"]
[WhiteElo "2647"]
[BlackElo "2801"]
[EventDate "2006.01.14"]

1.d4 d5 2.c4 c6 3.Cf3 Cf6 4.Cc3 a6 5.a4 e6 6.Fg5 h6 7.Fh4 dxc4 8.e3 b5 9.
axb5 cxb5 10.Fxf6 gxf6 11.Cxb5 axb5 12.Txa8 Fb4+ 13.Re2 Fb7 14.Ta1 f5 15.
Ce5 Tg8 16.f4 Cc6 17.Cf3 Ca5 18.Rf2 Cb3 19.Ta7 Fe4 20.Ta2 e5 21.fxe5 f4 
22.Fe2 fxe3+ 23.Rxe3 Dd5 24.g3 Cxd4 25.Cxd4 Fxh1 26.Ff3 Dxe5+ 27.Rf2 Fc5 
28.Fxh1 Fxd4+ 29.Rf1 Tg5 30.Ff3 Rf8 31.Rg2 De3 32.Rh3 Rg7 33.b3 cxb3 34.
Ta3 b4 35.Txb3 Fc3 36.De2 Dc5 37.Dd3 Dc8+ 38.Rg2 Ta5 39.Dc2 De6 40.Db1 Ta1
41.Dc2 Fd4 42.Fd1 De1 43.Ff3 Df1# 0-1

[Event "Corus A"]
[Site "Wijk aan Zee NED"]
[Date "2006.01.19"]
[Round "5"]
[White "Topalov, Veselin"]
[Black "Mamedyarov, Shakhriyar"]
[Result "1/2-1/2"]
[WhiteElo "2801"]
[BlackElo "2709"]
[EventDate "2006.01.14"]

1.e4 e5 2.Cf3 Cc6 3.Fb5 a6 4.Fa4 Cf6 5.O-O Fe7 6.Te1 d6 7.c3 Fg4 8.d3 Cd7 
9.h3 Fh5 10.Fe3 h6 11.g4 Fg6 12.Cbd2 h5 13.g5 Cb6 14.Fb3 h4 15.a4 d5 16.a5
d4 17.cxd4 exd4 18.Ff4 Cd7 19.Tc1 Cc5 20.Txc5 Fxc5 21.Fa4 Rf8 22.Fxc6 bxc6
23.Da4 Rg8 24.Dxc6 Fb4 25.Tc1 Fxa5 26.Cc4 Fb6 27.Cxb6 cxb6 28.Fc7 Dc8 29.
Rg2 b5 30.Cxd4 De8 31.Dxe8+ Txe8 32.Ta1 Tc8 33.Fd6 Rh7 34.Txa6 Tc1 35.Cxb5
Td1 36.Ta3 Tc8 37.Ff4 Tc2 38.Tb3 Txd3 39.Txd3 Fxe4+ 40.Tf3 Txb2 41.Cd6 Fd5
42.Cf5 Tb4 43.Fd6 Ta4 44.Fe7 Rg6 45.Cxh4+ Txh4 46.Rg3 1/2-1/2

[Event "Corus A"]
[Site "Wijk aan Zee NED"]
[Date "2006.01.20"]
[Round "6"]
[White "Tiviakov, Sergei"]
[Black "Topalov, Veselin"]
[Result "1/2-1/2"]
[WhiteElo "2669"]
[BlackElo "2801"]
[EventDate "2006.01.14"]

1.e4 c5 2.c3 Cf6 3.e5 Cd5 4.Cf3 Cc6 5.d4 cxd4 6.cxd4 d6 7.Fc4 Cb6 8.Fb5 d5
9.O-O Fg4 10.Fe3 e6 11.Cbd2 Fe7 12.De2 Tc8 13.Tfc1 O-O 14.a3 Dd7 15.h3 Ff5
16.Cb3 Cc4 17.Fxc4 dxc4 18.Txc4 b6 19.Cbd2 b5 20.Tcc1 Dd5 21.Dd1 a5 22.Db3
Fe4 23.Dxd5 Fxd5 24.Ce1 f5 25.Cd3 g5 26.f3 h5 27.Cc5 Tc7 28.Tc2 Tfc8 29.
Tac1 Cb8 30.b4 axb4 31.axb4 Cc6 32.Tb2 Ta7 33.Ff2 Rf7 34.Cf1 Tca8 35.Ce3 
Ta1 36.Txa1 Txa1+ 37.Rh2 Ta2 38.Txa2 Fxa2 39.Cc2 Fb1 40.d5 exd5 41.Cd4 
Cxe5 42.Cxb5 Cd3 43.Cc3 Cxf2 44.Cxb1 Fxc5 45.bxc5 Re6 46.Cd2 f4 47.h4 gxh4
48.Cb3 Rd7 49.Cd4 Rc7 50.Ce6+ Rc6 51.Cxf4 d4 52.g4 hxg3+ 53.Rxg3 Cd1 54.
Rh4 Cb2 55.Rxh5 Ca4 56.Rg4 Cxc5 57.Rg3 Rb5 58.Rf2 Rc4 59.Re2 Rc3 60.Rd1 d3
61.Cxd3 1/2-1/2

[Event "Corus A"]
[Site "Wijk aan Zee NED"]
[Date "2006.01.21"]
[Round "7"]
[White "Topalov, Veselin"]
[Black "Sokolov, Ivan"]
[Result "1-0"]
[WhiteElo "2801"]
[BlackElo "2689"]
[EventDate "2006.01.14"]

1.e4 e5 2.Cf3 Cc6 3.Fb5 a6 4.Fa4 Cf6 5.O-O b5 6.Fb3 Fc5 7.a4 Tb8 8.c3 O-O 
9.d4 Fb6 10.axb5 axb5 11.dxe5 Cg4 12.Ca3 De8 13.Cd4 Cgxe5 14.Caxb5 d6 15.
Fa4 Fd7 16.b3 Ce7 17.Rh1 d5 18.f4 Cg4 19.e5 f6 20.h3 Cxe5 21.fxe5 fxe5 22.
Txf8+ Dxf8 23.Cf3 e4 24.Ce5 Fxh3 25.gxh3 Df5 26.Cg4 h5 27.Ch2 Dxh3 28.Fg5 
Cf5 29.Dxd5+ Rh8 30.Ff4 Ff2 31.Ta2 Fg3 32.Fxg3 Cxg3+ 33.Rg1 Tf8 34.Cd4 c5 
35.Fd7 Dh4 36.Ce6 Tf1+ 37.Rg2 1-0

[Event "Corus A"]
[Site "Wijk aan Zee NED"]
[Date "2006.01.22"]
[Round "8"]
[White "Topalov, Veselin"]
[Black "Gelfand, Boris"]
[Result "1/2-1/2"]
[WhiteElo "2801"]
[BlackElo "2723"]
[EventDate "2006.01.14"]

1.e4 e5 2.Cf3 Cf6 3.Cxe5 d6 4.Cf3 Cxe4 5.Cc3 Cxc3 6.dxc3 Fe7 7.Ff4 O-O 8.
Dd2 Cd7 9.O-O-O Cc5 10.h4 c6 11.Fxd6 Dxd6 12.Dxd6 Fxd6 13.Txd6 Ce4 14.Td4 
Cxf2 15.Tg1 Cg4 16.Fc4 Ff5 17.Fd3 Fxd3 18.cxd3 Cf6 19.Te1 Tfe8 20.Txe8+ 
Txe8 21.Rd2 Rf8 22.a4 Re7 23.b4 Tc8 24.b5 c5 25.Tf4 Ce8 26.Te4+ Rf8 27.Ce5
Td8 28.Tf4 Cd6 29.c4 Re7 30.Cg4 h5 31.Ce3 Re6 32.a5 f6 33.Rc3 g5 34.Tf1 
gxh4 35.Te1 Cf5 36.Cd5+ Rf7 37.Tf1 Rg6 38.Cf4+ Rf7 39.Cxh5 Rg6 40.Cf4+ Rf7
41.Cd5 Rg6 42.Te1 Rf7 43.Te2 Td7 44.Te4 Td8 45.Tf4 Rg6 46.Tf2 Te8 47.Rd2 
Rg5 48.Te2 Txe2+ 49.Rxe2 Cd4+ 50.Rf2 Rf5 51.Ce7+ Re6 52.Cg6 Cb3 53.a6 bxa6
54.bxa6 Cd4 55.Cxh4 Cc2 56.Cf3 Cb4 57.Re3 Cxa6 58.Cd2 Cb8 59.Rf4 Cd7 60.
Cb3 a6 61.g3 Rd6 62.Rf5 Re7 63.g4 Rd6 64.Ca5 Ce5 65.Cb3 Cd7 66.Re4 Re6 67.
Ca5 Rd6 68.Rf4 Ce5 69.Rf5 Cd7 70.Re4 Cf8 71.Rf5 Cd7 72.Re4 1/2-1/2